| 000 | 00587nam a22001817a 4500 | ||
|---|---|---|---|
| 005 | 20240131084956.0 | ||
| 008 | 240131b |||||||| |||| 00| 0 eng d | ||
| 020 | _a9781485133636 | ||
| 041 | _aEnglish | ||
| 082 | _a347.1 ECK | ||
| 100 |
_aBroodryk, T _lEnglish |
||
| 245 |
_aEckard's Principles of Civil Procedure in the Magistrates' Courts / _cT Broodryk |
||
| 250 | _aSixth Edition | ||
| 260 |
_aCape Town : _bJuta and Company (Pty) Ltd, _c2019 |
||
| 300 |
_blxv, 372 pages ; _c25,5 cm. |
||
| 650 |
_aLegal practice _bLaw |
||
| 942 |
_cBK _6ALISON_BN_VRIES |
||
| 999 |
_c1312 _d1312 |
||